Anatomy of a Volcano - Statistics

General Stats
  • This quiz has been taken 11 times
  • The average score is 2 of 5
Answers on the Map
Answers color-coded by a green-red scale on the quiz's map according to % correct below.
 
Answer Stats
Answer % Correct
Magma chamber
73%
Ash
45%
Conduit
36%
Crater
36%
Strata
36%
No matching quizzes found
Score Distribution
Percent of People with Each Score
Percentile by Number Answered
Your Score History
You have not taken this quiz